01417nam a2200349Ia 4500001001200000003000800012006001900020007001500039008004100054010001700095020001800112020001500130040002100145035002100166050002400187082001600211100002800227245006900255246002500324260017700349300001400526490002500540504006400565533015200629650001500781650005600796655002900852710001700881830002600898856012600924999001701050ebr10147155CaPaEBRm u cr cn|||||||||960531s1996 onc sb 001 0 eng d z 96155316  z9780889202641 z0889202648 aCaPaEBRcCaPaEBR a(OCoLC)18070450914aBV5083b.H59 1996eb04a248.2/22201 aHorne, James R.,d1931-10aMysticism and vocationh[electronic resource] /cJames R. Horne.14aMysticism & vocation aWaterloo, Ont. :bPublished for the Canadian Corporation for Studies in Religion/Corporation Canadienne des Sciences Religieuses by Wilfrid Laurier University Press,c1996. av, 110 p.1 aEditions SR ;vv. 18 aIncludes bibliographical references (p. 105-108) and index. aElectronic reproduction.bPalo Alto, Calif. :cebrary,d2009.nAvailable via World Wide Web.nAccess may be limited to ebrary affiliated libraries. 0aMysticism. 0aVocation (in religious orders, congregations, etc.) 7aElectronic books.2local2 aebrary, Inc. 0aEditions SR ;vv. 18.40uhttp://site.ebrary.com/lib/rucke/Doc?id=10147155zAn electronic book accessible through the World Wide Web; click to view c88649d88649